Prueba de Geografía e Historia #3 - Estadísticas

Estadísticas generales
  • Esta prueba ha sido intentada 352 veces
  • La puntuación promedio es 12 de 20
Estadísticas de respuestas
Hint Respuesta % Correcto
Para ir a Ulan Bator debes ir a Mongolia
84%
Babilonia se encontraba en este país Irak
81%
País de Oceanía que comienza por la letra P: Palaos
78%
Capital de Liechtenstein Vaduz
77%
Lago que comparten paises como Uganda o Kenia Victoria
69%
Lille está cerca de la frontera con Bélgica
67%
Ciudad que comienza por B, situada en el centro de Inglaterra Birmingham
65%
Isla portugesa en el atlántico Madeira
65%
Gentilicio de Kirguistán Kirguís
64%
Región habitada por los vikingos establecidos en Francia Normandia
64%
Zanzíbar es un archipielago de dos islas que pertenece a Tanzania
63%
Los romanos llamaron a España, Hispania porque había muchos de estos animales Conejos
54%
Región Budista que forma parte de China Tibet
54%
Región formada por Camboya, Tailandia, Laos etc Indochina
53%
Capital de Trinidad y Tobago Puerto España
53%
Península de Egipto que hace frontera con Israel Sinaí
53%
Ceuta y Melilla son Ciudades autónomas
50%
Isla gigante compartida entre Malasia e Indonesia Borneo
49%
Samarcanda, ciudad conocida por ser parte de la Ruta de la Seda, se encuentra en el país: Uzbekistán
33%
Este río separa la República del Congo con la República Democrática del Congo Río Congo
28%
No se encontraron pruebas coincidentes
Distribución de puntuación
Porcentaje de gente con cada puntuación
Porcentaje por número respondido
Historial de tus puntuaciones
No has intentado esta prueba.